[Event "Charlotte Carolinas op"]
[Site "Charlotte"]
[Date "2022.06.12"]
[Round "5"]
[White "Panchanathan, Magesh Chandran"]
[Black "Johnson, Donald"]
[Result "1-0"]
[WhiteElo "2476"]
[BlackElo "2214"]
[PlyCount "187"]
[EventDate "2022.06.10"]
[EventType "swiss"]
[EventRounds "5"]
[EventCountry "USA"]
[SourceTitle "CBM 208 Extra"]
[Source "ChessBase"]
[SourceDate "2022.07.31"]
[SourceVersion "1"]
[SourceVersionDate "2022.07.31"]
[SourceQuality "1"]

1. c4 g6 2. Nf3 Bg7 3. g3 c5 4. Bg2 Nc6 5. 0-0 e5 6. Nc3 d6 7. d3 Nge7 8. a3 0-0 9. Bd2 a5 10. Ne1 Be6 11. Nc2 d5 12. cxd5 Nxd5 13. Ne3 Nde7 14. Nc4 Rb8 15. Nb5 b6 16. Rc1 Qd7 17. Qc2 Rfd8 18. Rfd1 f6 19. Be1 Nd4 20. Nxd4 Qxd4 21. Qb1 Qd7 22. b4 cxb4 23. axb4 Nd5 24. bxa5 bxa5 25. Qa1 a4 26. Na5 Rdc8 27. Rc4 Nb6 28. Rxc8+ Rxc8 29. Rb1 Nd5 30. Rb7 Qe8 31. Nc4 Ra8 32. Qb1 Bf8 33. Rb5 Rd8 34. Ra5 Rb8 35. Qa1 Nb4 36. Qd1 Qd8 37. Qxa4 Bd7 38. Qd1 Nc6 39. Ra6 Nd4 40. e3 Bb5 41. Ra1 Ne6 42. Rb1 Nc5 43. d4 Bxc4 44. Rxb8 Qxb8 45. dxc5 Qb3 46. Qxb3 Bxb3 47. c6 Be6 48. Bf1 Bc8 49. Bc4+ Kg7 50. Ba5 Bc5 51. Bd8 f5 52. Kf1 Kf8 53. Ke2 Be7 54. Bc7 e4 55. Ba5 Bc5 56. Kd2 Ke7 57. Kc3 Kd6 58. Bb5 Be6 59. h4 h6 60. Bd8 Bd5 61. c7 Bb7 62. Be8 g5 63. h5 Bc8 64. Bxg5 hxg5 65. h6 Ke6 66. h7 Be7 67. h8Q Bf6+ 68. Qxf6+ Kxf6 69. Kd4 Ke7 70. Bb5 Kd6 71. Bc4 Bb7 72. g4 fxg4 73. Bb3 Kxc7 74. Ke5 Kd7 75. Bd5 Ba6 76. Bxe4 Be2 77. Kf5 Kd6 78. Kxg5 Ke5 79. Bf5 g3 80. fxg3 Bf3 81. g4 Be2 82. Bc2 Bf3 83. Kh4 Kf6 84. Kg3 Be2 85. Kf4 Bc4 86. e4 Ke6 87. e5 Kf7 88. Bf5 Bd5 89. e6+ Ke7 90. Ke5 Bc6 91. g5 Bb5 92. Bg6 Kf8 93. Kf6 Kg8 94. Bf7+ 1-0

[Event "Charlotte CCCSA Spring IM-C"]
[Site "Charlotte"]
[Date "2022.05.08"]
[Round "8"]
[White "Martin Del Campo C, Roberto Abel"]
[Black "Johnson, Donald"]
[Result "1/2-1/2"]
[WhiteElo "2263"]
[BlackElo "2102"]
[PlyCount "119"]
[EventDate "2022.05.04"]
[EventType "tourn"]
[EventRounds "9"]
[EventCountry "USA"]
[SourceTitle "CBM 208 Extra"]
[Source "ChessBase"]
[SourceDate "2022.07.31"]
[SourceVersion "1"]
[SourceVersionDate "2022.07.31"]
[SourceQuality "1"]

1. e4 e5 2. Nf3 Nc6 3. Nc3 Nf6 4. d4 exd4 5. Nd5 Nb4 6. Bc4 Nbxd5 7. exd5 Bb4+ 8. Bd2 Qe7+ 9. Qe2 Bxd2+ 10. Kxd2 Qxe2+ 11. Kxe2 c5 12. dxc6 bxc6 13. Nxd4 d5 14. Bb3 Bd7 15. Ba4 c5 16. Bxd7+ Kxd7 17. Nb3 Rhe8+ 18. Kf3 Ne4 19. Rad1 Re5 20. Rhe1 Kc6 21. c4 Rae8 22. cxd5+ Kd6 23. Rf1 Rf5+ 24. Kg4 Rxf2 25. Na5 Rxg2+ 26. Kh3 Rc2 27. Nb7+ Kc7 28. Rxf7+ Kb6 29. Rg1 Re5 30. Rgxg7 Rxd5 31. Re7 Rh5+ 32. Kg4 Nf6+ 33. Kg3 Rhxh2 34. Re6+ Kb5 35. Nd6+ Kc6 36. Rxf6 Rcg2+ 37. Kf4 Rf2+ 38. Kg3 Rhg2+ 39. Kh3 Rxg7 40. Rxf2 Kxd6 41. Rf6+ Kd5 42. b3 c4 43. Rf5+ Ke4 44. Rc5 cxb3 45. axb3 Kd4 46. Rb5 Kc3 47. Kh4 Kd4 48. Kh5 a6 49. Rb6 Ra7 50. b4 Ke5 51. b5 axb5 52. Rxb5+ Kf6 53. Rb6+ Kg7 54. Rb5 Rf7 55. Rg5+ Kh8 56. Ra5 Rb7 57. Kh6 Rb6+ 58. Kh5 h6 59. Ra7 Kg8 60. Rc7 1/2-1/2

[Event "Charlotte CCCSA Spring IM-C"]
[Site "Charlotte"]
[Date "2022.05.06"]
[Round "4"]
[White "Johnson, Donald"]
[Black "Fawole, John Oyeyemi"]
[Result "1-0"]
[WhiteElo "2102"]
[BlackElo "2118"]
[PlyCount "367"]
[EventDate "2022.05.04"]
[EventType "tourn"]
[EventRounds "9"]
[EventCountry "USA"]
[SourceTitle "CBM 208 Extra"]
[Source "ChessBase"]
[SourceDate "2022.07.31"]
[SourceVersion "1"]
[SourceVersionDate "2022.07.31"]
[SourceQuality "1"]

1. e4 c5 2. Nf3 d6 3. d4 cxd4 4. Nxd4 Nf6 5. Nc3 a6 6. h3 e5 7. Nde2 Be6 8. g4 h6 9. Bg2 Nbd7 10. Be3 b5 11. Nd5 Bxd5 12. exd5 Be7 13. Qd2 Rc8 14. Ng3 Qc7 15. 0-0 Nb6 16. b3 g6 17. Rfc1 h5 18. g5 Nfd7 19. Ne4 0-0 20. h4 Qb7 21. Rab1 Kg7 22. c4 Qb8 23. Bh3 Rcd8 24. Qa5 Nc5 25. Nxc5 dxc5 26. Qxa6 b4 27. a3 Na8 28. axb4 Qxb4 29. Qa4 Qb7 30. Qa5 f6 31. gxf6+ Rxf6 32. Bxc5 Nb6 33. Bg2 Ra8 34. d6 Rxa5 35. Bxb7 Rxc5 36. dxe7 Kf7 37. b4 Rc7 38. Bg2 Kxe7 39. c5 Nd7 40. Rc4 Rf8 41. Bh3 Nf6 42. b5 Nd5 43. b6 Rb8 44. Rcc1 Nxb6 45. cxb6 Rxc1+ 46. Rxc1 Rxb6 47. Rc4 Kf6 48. Bg2 Rb1+ 49. Kh2 Rb2 50. Kg3 Rb3+ 51. Bf3 g5 52. Rc6+ Kf5 53. Kg2 gxh4 54. Bxh5 Kg5 55. Bg6 h3+ 56. Kf1 h2 57. Kg2 Rh3 58. Kh1 Rf3 59. Be4 Rxf2 60. Bg2 Kf4 61. Kxh2 e4 62. Rc4 Re2 63. Rc8 Rb2 64. Re8 Rb4 65. Rf8+ Ke3 66. Kg3 Rb7 67. Re8 Rg7+ 68. Kh3 Rh7+ 69. Kg3 Rg7+ 70. Kh2 Rh7+ 71. Kg1 Rh4 72. Ra8 Rh7 73. Ra3+ Kf4 74. Kf2 Rb7 75. Bf1 Rb2+ 76. Be2 Rb7 77. Rh3 Rb2 78. Rh4+ Ke5 79. Rh8 Kf4 80. Rf8+ Ke5 81. Ke1 Kd4 82. Rh8 Rb1+ 83. Kd2 Rb2+ 84. Kd1 Ra2 85. Rh4 Ra1+ 86. Kd2 Ra2+ 87. Ke1 Ke3 88. Rh3+ Kf4 89. Kf2 Rb2 90. Ra3 Rc2 91. Ra4 Rb2 92. Ke1 Ke3 93. Bd1 Rh2 94. Ra3+ Kf4 95. Ba4 Rb2 96. Bc6 Rb6 97. Ba8 Rb4 98. Kd2 Rd4+ 99. Kc2 e3 100. Ra7 Rd2+ 101. Kc3 Rd8 102. Rf7+ Ke5 103. Bh1 Rd1 104. Bb7 Rb1 105. Kd3 Re1 106. Bf3 Ke6 107. Rf8 Ke7 108. Rf4 Ke6 109. Be2 Ke5 110. Re4+ Kf5 111. Rxe3 Ra1 112. Re8 Ra4 113. Ke3 Kf6 114. Bd3 Ra7 115. Kf4 Re7 116. Ra8 Re6 117. Be4 Rb6 118. Rh8 Rb4 119. Rh6+ Kg7 120. Ra6 Rc4 121. Rg6+ Kf7 122. Ra6 Rc5 123. Bf5 Rc1 124. Bg6+ Ke7 125. Ke5 Rc5+ 126. Kd4 Rc1 127. Be4 Rd1+ 128. Ke5 Kd7 129. Ra7+ Kc8 130. Bd5 Rg1 131. Kd6 Rg6+ 132. Kc5 Kd8 133. Bf7 Rh6 134. Kd5 Kc8 135. Be8 Kb8 136. Re7 Kc8 137. Bc6 Rh5+ 138. Kd6 Rh6+ 139. Kc5 Kd8 140. Rd7+ Kc8 141. Kb6 Rh2 142. Re7 Rb2+ 143. Bb5 Rd2 144. Ra7 Kd8 145. Bc6 Rb2+ 146. Kc5 Rd2 147. Bd5 Ke8 148. Kd6 Kf8 149. Rf7+ Ke8 150. Rg7 Rf2 151. Rg1 Rf4 152. Ke6 Kd8 153. Rc1 Rf2 154. Bb7 Re2+ 155. Kd6 Rd2+ 156. Bd5 Re2 157. Rg1 Re3 158. Rg8+ Re8 159. Rg7 Re1 160. Ra7 Rc1 161. Ra2 Rc3 162. Rh2 Re3 163. Rh8+ Re8 164. Rh7 Re1 165. Rd7+ Ke8 166. Rg7 Kd8 167. Ra7 Rc1 168. Rd7+ Kc8 169. Rh7 Kb8 170. Rh8+ Ka7 171. Bc6 Kb6 172. Rb8+ Ka5 173. Rb5+ Ka6 174. Kc7 Rg1 175. Rb4 Rg5 176. Rh4 Rf5 177. Rh8 Rf7+ 178. Bd7 Ka7 179. Rh5 Rf6 180. Be8 Re6 181. Bc6 Re7+ 182. Bd7 Ka6 183. Rh6+ Ka5 184. Rh4 1-0